000 00578nam a22001935i 4500
001 168113
003 ES-MaACL
005 20230906213708.0
008 051003s1893 it | |||||||| ||ita d
040 _aCAM
_bspa
_cCAM
100 1 _aZambaldi, F.
_9134013
245 1 0 _aElementi di metrica greca /
_cF. Zambaldi.
260 _aTorino [etc] :
_bErmanno Loescher,
_c1893 (
_fVincenzo Bona)
300 _a67 p. ;
_c21 cm.
650 4 _aLengua griega-
_xVersificación.
_9222355
752 _aItalia -
_dTurín
852 _aES-MaACL
_j1621-F-2
_z-- Rust.
999 _c168113
_d168113